By hook or crook; (Record no. 91056)

MARC details
000 -LEADER
fixed length control field 00491cam a22001693 4500
001 - CONTROL NUMBER
control field tmp92008541
003 - CONTROL NUMBER IDENTIFIER
control field DLC
005 - DATE AND TIME OF LATEST TRANSACTION
control field 20260227112753.0
008 - FIXED-LENGTH DATA ELEMENTS--GENERAL INFORMATION
fixed length control field 060311s1931 ohu 000 1 eng
010 ## - LIBRARY OF CONGRESS CONTROL NUMBER
LC control number tmp92008541
040 ## - CATALOGING SOURCE
Original cataloging agency DLC
Transcribing agency DLC
Modifying agency DLC
050 00 - LIBRARY OF CONGRESS CALL NUMBER
Classification number PS635.Z9
Item number C36
100 1# - MAIN ENTRY--PERSONAL NAME
Personal name Chaplin, Alice Williams,
Dates associated with a name 1887-
245 00 - TITLE STATEMENT
Title By hook or crook;
Remainder of title a comedy in three acts,
Statement of responsibility, etc. by Alice Williams Chaplin.
260 ## - PUBLICATION, DISTRIBUTION, ETC.
Place of publication, distribution, etc. Dayton, Ohio,
Name of publisher, distributor, etc. Paine Pub. company
Date of publication, distribution, etc. [c1931]
300 ## - PHYSICAL DESCRIPTION
Extent 93 p.
Dimensions 18 cm.

No items available.

Powered by Koha